000 007340000a22002290004500
003 LK-CoMWRAF
005 20231206113117.0
008 230817t1999 ||||| |||| 00| 0 eng d
020 _a0850925975
040 _aLK-CoMWRAF
_dLK-CoMWRAF
_eLK-CoMWRAF
041 _aeng
082 _a352.608
_bCOM
110 _aCommonwealth Secretariat
245 _aA quick guide to gender mainstreaming in the public service
260 _aLondon:
_bCommonwealth Secretariat,
_c1999
300 _a40 p. ; 21 cm
_bBibliography and glossary included
490 _aGender Management System
650 _aGENDER MAINSTREAMING
650 _aCivil service -Personnel management
650 _aSex discrimination against women- Prevention
942 _cBK
999 _c264
_d264